ՀՀ Գիտությունների ազգային ակադեմիայի հիմնարար գիտական գրադարան  =   Fundamental Scientific Library of NAS RA

Շեքսպիրը հայ թատրոնում / (Record no. 317452)

MARC details
000 -LEADER
fixed length control field 00912nam a2200229 a 4500
001 - CONTROL NUMBER
control field 000927382
003 - CONTROL NUMBER IDENTIFIER
control field AM-YeHGA
005 - DATE AND TIME OF LATEST TRANSACTION
control field 20250618074136.0
008 - FIXED-LENGTH DATA ELEMENTS--GENERAL INFORMATION
fixed length control field 121114s2012 ai r 000 0 arm d
020 ## - INTERNATIONAL STANDARD BOOK NUMBER
Canceled/invalid ISBN 978-5-8084-1644-4
040 ## - CATALOGING SOURCE
Original cataloging agency AM-YeHGA
041 0# - LANGUAGE CODE
Language code of text/sound track or separate title arm
090 ## - LOCALLY ASSIGNED LC-TYPE CALL NUMBER (OCLC); LOCAL CALL NUMBER (RLIN)
-- 319183
100 1# - MAIN ENTRY--PERSONAL NAME
Personal name Հովակիմյան, Բախտիար Մարդանի,
Dates associated with a name 1926-2022
9 (RLIN) 2796
245 10 - TITLE STATEMENT
Title Շեքսպիրը հայ թատրոնում /
Statement of responsibility, etc. Բ. Հովակիմյան.
246 15 - VARYING FORM OF TITLE
Title proper/short title Shakespeare in the Armenian theatre
260 ## - PUBLICATION, DISTRIBUTION, ETC.
Place of publication, distribution, etc. Երևան :
Name of publisher, distributor, etc. ԵՊՀ հրատ.,
Date of publication, distribution, etc. 2012.
300 ## - PHYSICAL DESCRIPTION
Extent 540 էջ+32 էջ ներդիր :
Other physical details 1 էջ դիմանկ. ;
Dimensions 21 սմ.
440 #0 - SERIES STATEMENT/ADDED ENTRY--TITLE
Title Հայկական մատենաշար Գալուստ Կիուլպէնկեան հիմնարկութեան
600 14 - SUBJECT ADDED ENTRY--PERSONAL NAME
Personal name Շեքսպիր, Ուիլյամ
9 (RLIN) 4634
650 14 - SUBJECT ADDED ENTRY--TOPICAL TERM
Topical term or geographic name entry element Թատերագիտություն
General subdivision Շեքսպիրը հայ թատրոնում
Holdings
Withdrawn status Lost status Damaged status Not for loan Collection Home library Current library Date acquired Cost, normal purchase price Shelving control number Total checkouts Full call number Barcode Date last seen Price effective from Koha item type Public note
        General Fundamental Scientific Library Fundamental Scientific Library 09/01/2017 2000.00     AII/99083 FL0274561 09/01/2017 09/01/2017 Գրքեր / Books 30 Days Loan


ՀՀ ԳԱԱ հիմնարար գիտական գրադարան
ՀՀ,Երևան 0019
Մարշալ Բաղրամյան 24/6
հեռախոս:(374-10) 52-47-50
Հետադարձ կապ

All site content, except where otherwise noted, is licensed under a
Creative Commons License